| 000 | 01435cam a22002895a 4500 | ||
|---|---|---|---|
| 003 | OSt | ||
| 005 | 20180318135502.0 | ||
| 008 | 161222t2017 nyua fr 000 0 eng d | ||
| 020 | _a9781259862410 | ||
| 020 | _a1259862410 | ||
| 035 | _a(OCoLC)ocn966680085 | ||
| 035 | _a(OCoLC)966680085 | ||
| 040 |
_aAMP _beng _cAMP _dAMP _dOCLCO _dTNH _dNYP _dZHB _dEYM _dTXWAL _dOCLCF _dSEA _dIGA _dEG-ScBUE |
||
| 082 | 0 | 4 |
_a378.1662 _bOFF _222 |
| 245 | 0 | 4 |
_aThe official guide to the GRE general test / _cETS. |
| 246 | 3 | _aOfficial guide to the Graduate Record Examination general test | |
| 250 | _a3rd ed. | ||
| 260 |
_aNew York : _bMc-Graw Hill Education, _cc.2017. |
||
| 300 |
_a587 p. : _bill. ; _c28 cm. |
||
| 505 | 0 | _aAbout the GRE General Test -- GRE analytical writing -- GRE verbal reasoning -- GRE verbal reasoning practice questions -- GRE quantitative reasoning -- GRE quantitative reasoning practice questions -- GRE math review -- GRE Practice test 1 -- GRE Practice test 2. | |
| 520 | _a"The Official Guide to the GRE General Test is the only GRE guide specially created by ETS--the people who actually make the test. It's packed with everything you need to do your best on the test--and move toward your graduate or business school degree." | ||
| 650 | 7 |
_aGraduate Record Examination _vStudy guides. _2BUEsh _920956 |
|
| 651 | _2BUEsh | ||
| 653 |
_bHHUUEENN _bGGEN _cMarch2018 |
||
| 710 | 2 | _aEducational Testing Service. | |
| 942 | _2ddc | ||
| 999 |
_c26332 _d26304 |
||